000 00392pab a2200157 454500
008 180718b2000 xxu||||| |||| 00| 0 eng d
100 _aChopra, Ravi
245 _aWork patterns of rural women in Central Himalayas
260 _c2000
300 _ap.4701-705
362 _a30 Dec
650 _aWomen
700 _aGhosh, Deepa
773 _aEconomic and Political Weekly
909 _a47370
999 _c47370
_d47370